Entry Nombre corporativo
001 - NÚMERO DE CONTROL
- campo de control: 71393
003 - IDENTIFICADOR DE NÚMERO DE CONTROL
- campo de control: OSt
005 - FECHA Y HORA DE LA ÚLTIMA TRANSACCIÓN
- campo de control: 20250326112709.0
008 - ELEMENTOS DE DATO DE LONGITUD-FIJA
- campo de control de longitud fija: 240704 b aiznnaaan n bnc d
024 ## - IDENTIFICADOR DE OTROS ESTÁNDARES
- Fuente: bne
- Número estándar o código: XX96659
040 ## - FUENTE DE CATALOGACIÓN
- Centro catalogador/agencia de origen: OSt
- Centro/agencia transcriptor: OSt
110 2# - ENCABEZAMIENTO-NOMBRE DE ENTIDAD CORPORATIVA
- Nombre de entidad corporativa o nombre de jurisdicción como elemento de entrada: Catedral de Tudela
410 2# - TRAZADO DE VÉASE--NOMBRE DE ENTIDAD CORPORATIVA
- Nombre de entidad corporativa o nombre de jurisdicción como elemento de entrada: Catedral de Santa María (Tudela)
410 2# - TRAZADO DE VÉASE--NOMBRE DE ENTIDAD CORPORATIVA
- Nombre de entidad corporativa o nombre de jurisdicción como elemento de entrada: Colegiata de Santa María (Tudela)
410 2# - TRAZADO DE VÉASE--NOMBRE DE ENTIDAD CORPORATIVA
- Nombre de entidad corporativa o nombre de jurisdicción como elemento de entrada: Colegiata de Tudela
670 ## - FUENTE DE DATOS ENCONTRADOS
- Cita de la fuente: WWW BNE aut., 26/03/2025
- Información encontrada: (Catedral de Tudela)
670 ## - FUENTE DE DATOS ENCONTRADOS
- Cita de la fuente: Registro General de Bienes de Interés Cultural
- Información encontrada: (Colegiata de Santa María)